| 000 | 00707nam a2200217Ia 4500 | ||
|---|---|---|---|
| 008 | 191130s2002##################000#0#eng## | ||
| 020 | _a9780609610664 | ||
| 022 | _a2002074979 | ||
| 040 |
_aACL _cACL |
||
| 082 | _a641.5 GAR | ||
| 100 | _aGarten, Ina | ||
| 245 |
_aBarefoot Contessa family style : easy ideas and recipes that make everyone feel like family _cIna Garten ; photographs by Maura McEvoy ; food styling by Rori Trovato |
||
| 260 |
_aNew York _bClarkson Potter _cc2002 |
||
| 300 | _a240 p. : ill. ; 26 cm. | ||
| 500 | _aIncludes index | ||
| 650 | _aCooking | ||
| 710 | _aBarefoot Contessa (Store) | ||
| 990 | _a780eea84ac10000c6ea2baa31802a03b | ||
| 991 | _a317626 | ||
| 999 |
_c377534 _d377534 |
||